LDR 00603nam a2200169 i 4500 001 000000254493 003 CaOOAMICUS 005 20170607000000.0 008 170607s1873 xx u000 u eng u 013 $a233398 040 $aSeMil$bita 245 10$a1. 300 $aXXIV, 776, 32 p. 773 0 $aMacaulay, Thomas Babington <1800-1859>$tHistory of England.$bA new edition in two volumes.$dLondon : Longmans, Green, Reader, & Dyer, 1873.$g1$w()33756 850 $aSeMil 852 $aSeMil$W1$xVenegono$y1$m3T VII 91 FA$j204839$B204839$CSeMilBibl$Z2$F218371 $8I 996 $6245$a1$9(OLS)http://semarc/title/6508